书目信息 |
| 题名: |
音乐大师
|
|
| 作者: | 催墨 主编 | |
| 分册: | ||
| 出版信息: | 北京 红旗出版社 2015 |
|
| 页数: | 267页 | |
| 开本: | 24cm | |
| 丛书名: | ||
| 单 册: | ||
| 中图分类: | K815.76 | |
| 科图分类: | ||
| 主题词: | 音乐家--生平事迹--世界 | |
| 电子资源: | ||
| ISBN: | 978-7-5051-3149-1 | |
| 000 | 00924nam0 2200265 450 | |
| 001 | 012001004465 | |
| 005 | 20140928162349.0 | |
| 010 | @a978-7-5051-3149-1@dCNY36.00 | |
| 100 | @a20151101d2015 em y0chiy50 ea | |
| 101 | 0 | @achi |
| 102 | @aCN@b110000 | |
| 105 | @aa z 000yc | |
| 106 | @ar | |
| 200 | 1 | @a音乐大师@9yin yue da shi@dMusic master@e灵魂的演奏者@zeng@f催墨主编 |
| 210 | @a北京@c红旗出版社@d2015 | |
| 215 | @a267页@c图@d24cm | |
| 300 | @a寻找大师系列 | |
| 330 | @a本书精选了世界上近50位著名的音乐大师,通过风趣幽默、通俗易懂的语言向读者展现了他们的生活和创作。全书共分五章,内容包括:巴洛克时期、古典主义时期、浪漫主义时期、19世纪末、20世纪等。 | |
| 510 | 1 | @aMusic master@zeng |
| 517 | 1 | @a灵魂的演奏者@9ling hun de yan zou zhe |
| 606 | 0 | @a音乐家@x生平事迹@y世界 |
| 690 | @aK815.76@v5 | |
| 701 | 0 | @a催墨@9cui mo@4主编 |
| 801 | 0 | @aCN@b上海新华@c20180901 |
| 905 | @b1170654-8@dK815.76@e169@f5 | |
| 音乐大师=Music master:灵魂的演奏者/催墨主编.-北京:红旗出版社,2015 |
| 267页:图;24cm |
| 寻找大师系列 |
| ISBN 978-7-5051-3149-1:CNY36.00 |
| 本书精选了世界上近50位著名的音乐大师,通过风趣幽默、通俗易懂的语言向读者展现了他们的生活和创作。全书共分五章,内容包括:巴洛克时期、古典主义时期、浪漫主义时期、19世纪末、20世纪等。 |
| ● |
| 相关链接 |
|
|
|
|
正题名:音乐大师
索取号:K815.76/169
 
预约/预借
| 序号 | 登录号 | 条形码 | 馆藏地/架位号 | 状态 | 备注 |
| 1 | 1170654 | 211706545 | 第二样本阅览室/ [索取号:K815.76/169] | 在馆 | |
| 2 | 1170655 | 211706554 | 密集书库-文学院/ [索取号:K815.76/169] | 在馆 | |
| 3 | 1170656 | 211706563 | 第二借阅区/ [索取号:K815.76/169] | 在馆 | |
| 4 | 1170657 | 211706572 | 第二借阅区/ [索取号:K815.76/169] | 在馆 | |
| 5 | 1170658 | 211706581 | 第二借阅区/ [索取号:K815.76/169] | 在馆 |